Lenin: crítica del subjetivismo y el objetivismo /

Gespeichert in:
Bibliographische Detailangaben
1. Verfasser: Fedoseev, Piotr
Format: Text
Tags: Tag hinzufügen
Keine Tags, Fügen Sie den ersten Tag hinzu!

MARC

LEADER 00000 a a2200000 04500
001 3141
003
040
100 |a Fedoseev, Piotr  
245 |a Lenin:   |b crítica del subjetivismo y el objetivismo /  |c Piotr Fedoseev 
773 |g número 1; páginas 17-33  
999 |c 26898  |d 26898